000 00417nam a2200145Ia 4500
008 180921t1946 xxu||||| ||||o00| 0 eng d
041 _aeng
245 _aCeylon Sessional Papers : Accounts of The Island of Ceylon For The Financial Year 1944-45
260 _c1946
300 _ap.4-44, 28 cm
500 _aPart i
_aSessional Paper x-1946
942 _cBK
999 _c45016
_d45016
003 LK-CoDNM
040 _aLK-CoDNM
_dLK-CoDNM
_eLK-CoDNM